Govt. of
Madhya Pradesh

ISEC Silver Jublilee Commemoration Volume (Record no. 49434)

MARC details
000 -LEADER
fixed length control field 004070000a22001570004500
001 - CONTROL NUMBER
control field 000127
003 - CONTROL NUMBER IDENTIFIER
control field MACL
040 ## - CATALOGING SOURCE
Original cataloging agency MACL
090 ## - LOCALLY ASSIGNED LC-TYPE CALL NUMBER (OCLC); LOCAL CALL NUMBER (RLIN)
-- 127
-- 127
100 ## - MAIN ENTRY--PERSONAL NAME
Personal name Shenoi, P.V
245 ## - TITLE STATEMENT
Title ISEC Silver Jublilee Commemoration Volume
Remainder of title Contours Of Social And Economic Developmemt
Statement of responsibility, etc. P.V Shenoi
260 ## - PUBLICATION, DISTRIBUTION, ETC. (IMPRINT)
Place of publication, distribution, etc. Concept Publishing Company,
Date of publication, distribution, etc. 1997
350 ## - PRICE (NR) (BK AM CF MU VM SE) [OBSOLETE]
Price 350
650 ## - SUBJECT ADDED ENTRY--TOPICAL TERM
Topical term or geographic name as entry element Social Science
942 ## - ADDED ENTRY ELEMENTS (KOHA)
Call number prefix 300
Koha item type Library Membar

No items available.